000 01840cam a22004694i 4500
003 PE-LiUPU
005 20250731172910.0
008 150617s1981 miu rb 000 0 spa d
035 _a(Sirsi) a16856
040 _aPE-LiUPU
_bspa
_cPE-LiUPU
_erda
049 _aPRUA
082 0 4 _a253.73
_bG81
_221
100 1 _aGreenway, Roger S.,
_eautor.
245 1 0 _aApóstoles a la ciudad :
_bEstrategias bíblicas para misiones urbanas /
_cRoger S. Greenway.
264 1 _aMichigan :
_bSubcomisión Literatura Cristiana de la Iglesia Cristiana Reformada,
_c[1981].
300 _a107 páginas ;
_c21 centímetros
336 _atext
_2rdacontent
337 _aunmediated
_2rdamedia
338 _avolume
_2rdacarrier
504 _anotas bibliográficas.
505 0 _aJonás: Un amanecer para la noche urbana -- Jeremías: Como ser un santo en la cuidad -- Nehemías: El secreto de la renovación urbana -- Bernabé: La formación de una iglesia misionera -- Pablo: El estratega urbano-su mensaje -- Pablo: El estratega urbano-su método.
526 _aSEG42
526 _aSEG41
526 _aSEG40
526 _aSEG39
526 _aP94
526 _aP87
526 _aP86
526 _aP85
526 _aP77
526 _aP76
526 _aP35
650 1 4 _aIglesias de ciudad.
650 2 4 _aMisiones caseras.
910 _ajck
_bjvq
_cjck
_d20150616
942 _2ddc
_cBOOK
949 _a253.73 G81
_wDEWEY
_c1
_i21205
_lCCODEBUL1
_mBUL
_p25.00
_r0
_sY
_tBOOK
_u19821020
_xTEOLOGIA
_PP35
_0COMPRA
_o.STAFF. Colección Teología
994 _aC0
_bPEPRU
596 _a1
999 _a253.73 G81
_wDEWEY
_c16371
_i21205
_d16371
_e2019-8-27
_f2021-11-10
_g5
_lCCODEBUL1
_mBUL
_n1
_p25.00
_r0
_sY
_tBOOK
_u2015-6-17
_xTEOLOGIA
_PP35
_0COMPRA
_o.STAFF. Colección Teología
980 _81
_gALBERTO SANCHEZ Responsable de Automatización